Modern India (Record no. 4897)

MARC details
000 -LEADER
fixed length control field 00456cam a2200193ua 4500
001 - CONTROL NUMBER
control field 5744
005 - DATE AND TIME OF LATEST TRANSACTION
control field 20260515113930.0
008 - FIXED-LENGTH DATA ELEMENTS--GENERAL INFORMATION
fixed length control field 131009n ii |||gr||||Z||||||eng
040 ## - CATALOGING SOURCE
Transcribing agency MAIN
082 ## - DEWEY DECIMAL CLASSIFICATION NUMBER
Classification number 954
100 1# - MAIN ENTRY--PERSONAL NAME
Personal name Khurana,K.L,
Relator term Author.
245 11 - TITLE STATEMENT
Title Modern India
Statement of responsibility, etc. by K.L.Khurana
250 ## - EDITION STATEMENT
Edition statement 3rd ed.
260 ## - PUBLICATION, DISTRIBUTION, ETC.
Place of publication, distribution, etc. Agra:
Name of publisher, distributor, etc. Laxmi Narain Agarwal,
Date of publication, distribution, etc. 1997-98.
300 ## - PHYSICAL DESCRIPTION
Extent 344p.
653 ## - INDEX TERM--UNCONTROLLED
Uncontrolled term South Asia India
653 ## - INDEX TERM--UNCONTROLLED
Uncontrolled term Modern India
942 ## - ADDED ENTRY ELEMENTS (KOHA)
Koha item type Books
Holdings
Withdrawn status Lost status Damaged status Not for loan Home library Current library Shelving location Date acquired Total checkouts Full call number Barcode Date last seen Date last checked out Copy number Price effective from Koha item type
        Naharkatiya College Library Naharkatiya College Library General stacks 09/19/2020 9 954 | KHU 3858 03/11/2022 02/15/2022 1 09/19/2020 Books